[Event "It (open)"]
[Site "masterchessopen.com – Pic d'Anie (France)"]
[Date "2005.08.12"]
[Round "5"]
[White "Cwiek Loic (FRA)"]
[Black "Brethes Francois (FRA)"]
[Result "0-1"]
[WhiteElo "1979"]
[BlackElo "2119"]

1.d4 Nf6 2.Nf3 e6 3.c4 b6 4.e3 Bb7 5.Bd3 d5 6.b3 Bd6 7.O-O Nbd7 8.Bb2 O-O
9.Qe2 Qe7 10.Ne5 Ne4 11.Rd1 f6 12.Nxd7 Qxd7 13.f3 Ng5 14.e4 dxe4 15.fxe4 e5
16.d5 f5 17.exf5 e4 18.Bxe4 Rae8 19.Nd2 Bc5+ 20.Kh1 Nxe4 21.Nxe4 Qxf5 22.Re1
Bb4 23.Qd3 Bxe1 24.Rxe1 Rxe4 {#R} 0-1

[Event "It (open)"]
[Site "masterchessopen.com – Polanica Zdroj (Poland)"]
[Date "2005.08.28"]
[Round "10"]
[White "Czakon Jakub (POL)"]
[Black "Krupa Monika (POL)"]
[Result "1-0"]
[WhiteElo "2477"]
[BlackElo "2301"]

1.d4 Nf6 2.c4 e6 3.Nf3 b6 4.e3 Bb7 5.Bd3 d5 6.b3 Bb4+ 7.Nbd2 dxc4 8.bxc4 c5
9.Bb2 cxd4 10.exd4 O-O 11.O-O Nc6 12.Ne4 Be7 13.Ng3 Qc7 14.Rc1 Rfd8 15.Re1 Bb4
16.Re3 Qf4 17.d5 exd5 18.cxd5 Nxd5 19.Re4 Qc7 20.Rh4 Be7 21.Bxh7+ Kf8 22.Nf5
Bf6 23.Ba3+ Ndb4 24.Qe1 {#r} 1-0

[Event "It (open)"]
[Site "masterchessopen.com – Sunny Beach (Bulgaria)"]
[Date "2005.09.19"]
[Round "4"]
[White "Chatalbashev Boris (BUL)"]
[Black "Dimitrov Vladimir (BUL)"]
[Result "1-0"]
[WhiteElo "2491"]
[BlackElo "2446"]

1.d4 Nf6 2.c4 e6 3.Nf3 b6 4.e3 Bb7 5.Nc3 d5 6.cxd5 exd5 7.Bb5+ c6 8.Bd3 Nbd7
9.O-O Be7 10.Ne5 Nxe5 11.dxe5 Nd7 12.f4 g6 13.e4 d4 14.Ne2 a5 15.Nxd4 {#r} 1-0

[Event "Ch Estonia (w)"]
[Site "masterchessopen.com – Tallinn (Estonia)"]
[Date "2006.03.07"]
[Round "5"]
[White "Tsiganova Monika (EST)"]
[Black "Kaos Kreete (EST)"]
[Result "1-0"]
[WhiteElo "2214"]
[BlackElo "1903"]

1.d4 Nf6 2.c4 e6 3.Nf3 b6 4.e3 Bb7 5.Bd3 c5 6.O-O d5 7.cxd5 Nxd5 8.Ne5 a6
9.Nc3 Nc6 10.Nxc6 Bxc6 11.e4 Nb4 12.d5 exd5 13.exd5 Nxd5 14.Be4 Nb4 15.Qf3
Bxe4 16.Qxe4+ Be7 17.a3 {#r} 1-0

[Event "It (open)"]
[Site "masterchessopen.com – Dos Hermanas (Spain)"]
[Date "2006.03.30"]
[Round "1"]
[White "Dizdar Goran (CRO)"]
[Black "Ales Garcia Jose (ESP)"]
[Result "1-0"]
[WhiteElo "2530"]
[BlackElo "1834"]

1.d4 Nf6 2.Nf3 e6 3.c4 b6 4.e3 Bb7 5.Nc3 d5 6.cxd5 Nxd5 7.Bb5+ c6 8.Bd3 Bd6
9.e4 Nf4 10.Bxf4 Bxf4 11.e5 O-O 12.Qc2 g6 13.h4 Ba6 14.Bxa6 Nxa6 15.Qe4 Bh6
16.h5 g5 17.Nh2 c5 18.Ng4 Bg7 19.h6 Bh8 20.Rh5 Re8 21.O-O-O f5 22.exf6 Bxf6
23.dxc5 Qe7 24.Rd7 Qf8 25.Qxh7# 1-0

[Event "It (open)"]
[Site "masterchessopen.com – Metz (France)"]
[Date "2006.04.22"]
[Round "1"]
[White "Lersy Xavier (FRA)"]
[Black "Dumas Christian (FRA)"]
[Result "1-0"]
[WhiteElo "2031"]
[BlackElo "1673"]

1.d4 Nf6 2.Nf3 e6 3.c4 b6 4.e3 Bb7 5.Bd3 Be7 6.O-O O-O 7.Nc3 d5 8.Qe2 c5
9.dxc5 dxc4 10.Bxc4 Bxc5 11.b3 a6 12.Bb2 Qc7 13.h3 Nbd7 14.Na4 Bd6 15.Rac1 Qb8
16.Bd3 b5 17.Nc3 Bxf3 18.gxf3 Qb7 19.Rcd1 Bc7 20.Ne4 Rad8 21.Kh1 Qd5 22.Nxf6+
{#r} 1-0

[Event "It (open)"]
[Site "masterchessopen.com – Hyderabad (India)"]
[Date "2006.06.04"]
[Round "9"]
[White "Suvrajit Saha (IND)"]
[Black "Ashwath R (IND)"]
[Result "1-0"]
[WhiteElo "2356"]
[BlackElo "2253"]

1.d4 Nf6 2.c4 e6 3.Nf3 b6 4.e3 Bb7 5.Bd3 Be7 6.O-O O-O 7.Nc3 d5 8.b3 dxc4
9.bxc4 c5 10.Bb2 cxd4 11.exd4 Nc6 12.Rc1 Rc8 13.a3 Qd6 14.Nb5 Qd8 15.d5 exd5
16.cxd5 Nxd5 17.Bf5 Ra8 18.Be4 Na5 19.Qc2 Nf6 20.Bxb7 Nxb7 21.Rfd1 Qc8 22.Nc7
Rb8 23.Ng5 g6 24.Qe2 Bd6 25.Nd5 {#r} 1-0

[Event "Tournament (juniors)"]
[Site "masterchessopen.com – Lublin (Poland)"]
[Date "2006.07.10"]
[Round "4"]
[White "Rymarowicz Rafal (POL)"]
[Black "Jacel Lukasz (POL)"]
[Result "1-0"]
[WhiteElo "1868"]
[BlackElo "1912"]

1.d4 Nf6 2.c4 e6 3.Nf3 b6 4.e3 Bb7 5.Bd3 Be7 6.Nbd2 O-O 7.O-O c5 8.b3 d5 9.Bb2
Nc6 10.a3 Rc8 11.Rc1 Bd6 12.Ne5 Qe7 13.cxd5 exd5 14.Nxc6 Bxc6 15.a4 Rfe8
16.Nf3 h6 17.Ne5 Bxe5 18.dxe5 Nd7 19.f4 f6 20.Qh5 fxe5 21.fxe5 Rf8 22.Qg6
Rxf1+ 23.Rxf1 Nf8 24.Rxf8+ Rxf8 25.e6 {#r} 1-0

[Event "Memorial Karl Mala (open)"]
[Site "masterchessopen.com – Frankfurt (Germany)"]
[Date "2006.07.21"]
[Round "2"]
[White "Zimpfer Andreas (GER)"]
[Black "Mueller Markus (GER)"]
[Result "0-1"]
[WhiteElo "1773"]
[BlackElo "1815"]

1.d4 Nf6 2.c4 e6 3.Nf3 b6 4.e3 Bb7 5.Be2 c5 6.O-O cxd4 7.exd4 Be7 8.b3 d5
9.Bb2 O-O 10.Qc2 Nc6 11.Rd1 Rc8 12.Ne5 Nd7 13.Rd3 Nb4 14.Qd1 Nxe5 15.dxe5 Nxd3
16.Qxd3 dxc4 17.Qxd8 Rfxd8 {#R} 0-1

[Event "It (open)"]
[Site "masterchessopen.com – Hoogeveen (Netherlands)"]
[Date "2006.10.25"]
[Round "6"]
[White "Ebels Theo (NED)"]
[Black "Giddins Stephen (ENG)"]
[Result "0-1"]
[WhiteElo "2101"]
[BlackElo "2197"]

1.d4 e6 2.c4 Nf6 3.Nf3 b6 4.e3 Bb7 5.Bd3 d5 6.cxd5 exd5 7.Nc3 Bd6 8.O-O a6
9.Ne5 O-O 10.f4 c5 11.g4 Nbd7 12.Qf3 Rb8 13.Qh3 Ne4 14.Qg2 Nxc3 15.bxc3 Nf6
16.g5 Ne4 17.c4 cxd4 18.exd4 Bxe5 19.dxe5 dxc4 20.Bxe4 Qd4+ 21.Qf2 Qxe4 22.Qg3
Rbd8 23.Be3 Rd3 24.Kf2 Rfd8 25.Rae1 Rd2+ {#R} 0-1

[Event "Ch Central FO (team)"]
[Site "masterchessopen.com – Verkhnedneprovsk (Russia)"]
[Date "2006.12.01"]
[Round "2"]
[White "Cherenkova Kristina (RUS)"]
[Black "Kozij Oleg L (RUS)"]
[Result "1-0"]
[WhiteElo "2238"]
[BlackElo "2250"]

1.Nf3 Nf6 2.d4 b6 3.c4 e6 4.e3 Bb7 5.Nc3 Bb4 6.Bd2 O-O 7.Bd3 Bxc3 8.Bxc3 Ne4
9.O-O f5 10.Qe2 d6 11.Rad1 Nd7 12.Bxe4 fxe4 13.Ne1 Qg5 14.Kh1 Rf6 15.f4 exf3
16.Nxf3 Qg4 17.d5 e5 18.h3 Qh5 19.e4 Raf8 20.Bd2 Bc8 21.Qe3 Nc5 22.Nh2 {#r}
1-0

[Event "Bayern Regionalliga Southwest 2006/07"]
[Site "masterchessopen.com – Bayern (Germany)"]
[Date "2006.12.10"]
[Round "4"]
[White "Schmidt Gerhard (GER)"]
[Black "Beck Alexander (GER)"]
[Result "1-0"]
[WhiteElo "2078"]
[BlackElo "2143"]

1.d4 e6 2.c4 Nf6 3.Nf3 b6 4.e3 Bb7 5.Bd3 Be7 6.Nc3 O-O 7.e4 d5 8.e5 Ne4 9.Qc2
Nxc3 10.bxc3 dxc4 11.Bxh7+ Kh8 12.Be4 Bxe4 13.Qxe4 Qd5 14.Qg4 Nd7 15.h4 Rfd8
16.Rh3 f6 17.Rg3 Bf8 18.Bh6 g5 19.Bxg5 fxg5 20.Qh5+ Kg8 21.Rxg5+ Bg7 22.Qg6
Kf8 23.Qxg7+ Ke8 24.Qg6+ Ke7 25.Qh7+ Kf8 26.Qh8+ {#r} 1-0

[Event "Ch City"]
[Site "masterchessopen.com – Schwerin (Germany)"]
[Round "2"]
[White "Ebel Karl Heinrich Dr"]
[Black "Schulz Gerhard"]
[Result "1-0"]
[WhiteElo "1490"]
[BlackElo "1670"]

1.d4 Nf6 2.Nf3 e6 3.c4 b6 4.e3 Bb7 5.Be2 Bb4+ 6.Bd2 Bxd2+ 7.Nbxd2 O-O 8.O-O d5
9.Rc1 Nbd7 10.c5 bxc5 11.dxc5 c6 12.b4 a5 13.a3 axb4 14.axb4 Ne4 {#r} 1-0

[Event "Ch PriFO (seniors)"]
[Site "masterchessopen.com – Perm (Russia)"]
[Date "2007.03.06"]
[Round "6"]
[White "Mosunov Yury (RUS)"]
[Black "Glazunov Viktor (RUS)"]
[Result "1-0"]
[WhiteElo "1913"]
[BlackElo "1728"]

1.d4 Nf6 2.c4 e6 3.Nf3 b6 4.e3 Bb7 5.Nbd2 Be7 6.Bd3 d5 7.Qc2 Nbd7 8.O-O c5
9.b3 dxc4 10.Bxc4 cxd4 11.Nxd4 Rc8 12.Qd1 Ne5 13.Bb5+ Kf8 14.Bb2 Qd5 15.N2f3
Nxf3+ 16.Qxf3 Qxf3 17.Nxf3 Bxf3 18.gxf3 Rc2 19.Rac1 Rxc1 20.Rxc1 Bd8 21.Rc8
Ne8 22.Ba3+ {#r} 1-0

[Event "Ch PriFO (seniors)"]
[Site "masterchessopen.com – Perm (Russia)"]
[Date "2007.03.09"]
[Round "9"]
[White "Mosunov Yury (RUS)"]
[Black "Nekrasov Evgeny G (RUS)"]
[Result "0-1"]
[WhiteElo "1913"]
[BlackElo "2242"]

1.d4 Nf6 2.Nf3 b6 3.c4 e6 4.e3 Bb7 5.Be2 Ne4 6.Nbd2 f5 7.O-O Bd6 8.Nxe4 fxe4
9.Ne5 O-O 10.Bg4 Nc6 11.Nxc6 Bxc6 12.g3 Qg5 13.Bd2 Rf6 14.Bc3 Rg6 15.Bh3 h5
16.d5 exd5 17.cxd5 Bb5 18.Re1 Rf8 19.Bg2 Bd3 20.Qa4 b5 21.Qxa7 h4 22.Rad1 hxg3
23.hxg3 Rxf2 24.Rd2 Rxd2 25.Bxd2 Qxg3 {#R} 0-1

[Event "It \"]
[Site "masterchessopen.com – Bad Homburg (Germany)"]
[Date "2007.06.06"]
[Round "1"]
[White "Rubel Julian (GER)"]
[Black "Hauck Michael (GER)"]
[Result "1-0"]
[WhiteElo "2126"]
[BlackElo "1723"]

1.d4 e6 2.c4 Nf6 3.Nf3 b6 4.e3 Bb7 5.Bd3 Be7 6.O-O d5 7.cxd5 exd5 8.Nc3 O-O
9.Qc2 c5 10.dxc5 Bxc5 11.Rd1 Nc6 12.a3 Ne7 13.b4 Bd6 14.Nb5 Rc8 15.Qb3 Bb8
16.Bb2 Ng6 17.Bf5 Rc6 18.Nbd4 Rc4 19.g3 Re8 20.Bd3 Rc7 21.Bb5 Rf8 22.Bf1 a6
23.a4 Re8 24.Rac1 Qd7 25.b5 axb5 26.Bxb5 {#r} 1-0

[Event "It (open) (seniors)"]
[Site "masterchessopen.com – Rowy (Poland)"]
[Date "2007.06.23"]
[Round "5"]
[White "Bartoszek Henryk (POL)"]
[Black "Sube Gunter (GER)"]
[Result "1-0"]
[WhiteElo "1932"]
[BlackElo "1904"]

1.d4 Nf6 2.c4 e6 3.Nf3 b6 4.e3 Bb7 5.Be2 Be7 6.O-O O-O 7.Nc3 d5 8.Bd2 c5
9.cxd5 Nxd5 10.Rc1 Qd7 11.Qc2 Rc8 12.Qb1 cxd4 13.exd4 Nxc3 14.bxc3 Bf6 15.Ne1
{#r} 1-0

[Event "Ch Paulista"]
[Site "masterchessopen.com – Sao Paulo (Brazil)"]
[Date "2007.06.29"]
[Round "3"]
[White "Reis Alan"]
[Black "Gazel Frederico (BRA)"]
[Result "0-1"]
[WhiteElo "2017"]
[BlackElo "2250"]

1.d4 Nf6 2.c4 e6 3.Nf3 b6 4.e3 Bb7 5.Be2 Ne4 6.O-O f5 7.Nbd2 Bd6 8.c5 bxc5
9.Nc4 Be7 10.dxc5 Bxc5 11.Na5 Bd5 12.Ne5 O-O 13.Qc2 Bb4 14.Nac4 Qh4 15.Nf3 Qh6
16.Nce5 Bd6 17.b3 Nc6 18.Nc4 Nb4 19.Qd1 Nc3 20.Qd2 Nxe2+ 21.Qxe2 Bxf3 {#R} 0-1

[Event "Match \"]
[Site "masterchessopen.com – London (England)"]
[Date "2007.07.19"]
[Round "9"]
[White "Wu Li (ENG)"]
[Black "Crouch Colin S (ENG)"]
[Result "1-0"]
[WhiteElo "2332"]
[BlackElo "2353"]

1.d4 Nf6 2.c4 e6 3.Nf3 b6 4.e3 Bb7 5.Bd3 c5 6.O-O cxd4 7.exd4 d5 8.Nc3 Nc6
9.Bg5 dxc4 10.Bxc4 Be7 11.Bxf6 Bxf6 12.d5 exd5 13.Re1+ Kf8 14.Bxd5 Qd7 15.Qb3
g6 16.Ne4 Bg7 17.Neg5 Rd8 18.Bxf7 {#r} 1-0

[Event "It (open)"]
[Site "masterchessopen.com – Banyoles (Spain)"]
[Date "2007.08.20"]
[Round "5"]
[White "Piasetski Leon (CAN)"]
[Black "Fluvia Poyatos Joan (ESP)"]
[Result "1-0"]
[WhiteElo "2308"]
[BlackElo "2469"]

1.d4 Nf6 2.Nf3 e6 3.c4 b6 4.e3 Bb7 5.Bd3 Be7 6.O-O O-O 7.b3 Ne4 8.Bb2 f5 9.Qc2
Bd6 10.Ne5 Na6 11.a3 Bxe5 12.dxe5 Nec5 13.Be2 f4 14.exf4 Rxf4 15.f3 d6 16.Nd2
Qg5 17.b4 Nd7 18.exd6 cxd6 19.Bd3 Rh4 20.Ne4 Qe7 21.Rad1 d5 22.cxd5 exd5
23.Ng3 Qe3+ 24.Qf2 Qf4 25.Qe2 Nc7 26.Qe7 Qf7 {#r} 1-0

[Event "Memorial A.Rubinstein (open) (a)"]
[Site "masterchessopen.com – Polanica Zdroj (Poland)"]
[Date "2007.08.26"]
[Round "10"]
[White "Malaniuk Vladimir P (UKR)"]
[Black "Lubczynski Rafal (POL)"]
[Result "1-0"]
[WhiteElo "2496"]
[BlackElo "2377"]

1.d4 Nf6 2.Nf3 e6 3.c4 b6 4.e3 Bb7 5.Nc3 d5 6.cxd5 exd5 7.Bb5+ c6 8.Bd3 Be7
9.O-O Nbd7 10.Ne5 O-O 11.f4 Re8 12.Qf3 Nf8 13.g4 N6d7 14.g5 f6 15.gxf6 Bxf6
16.Rf2 Qe7 17.Bd2 Ne6 18.Rg2 Bxe5 19.fxe5 Qh4 20.Rg4 Qe7 21.Qg3 Rf8 22.Ne2
Nec5 23.Bb4 Rf7 24.Nf4 a5 25.Bxh7+ Kxh7 26.Qh3+ {#r} 1-0

[Event "Ch St. Petersburg (juniors) (under 18) (g)"]
[Site "masterchessopen.com – St. Petersburg (Russia)"]
[Date "2007.10.06"]
[Round "2"]
[White "Egorova Ekaterina (RUS)"]
[Black "Rumiantseva Maria (RUS)"]
[Result "0-1"]
[WhiteElo "2111"]
[BlackElo "2068"]

1.d4 Nf6 2.c4 e6 3.Nf3 b6 4.e3 Bb7 5.Bd3 c5 6.O-O Be7 7.b3 O-O 8.Bb2 cxd4
9.Bxd4 Nc6 10.Bc3 d5 11.Qc2 h6 12.Nbd2 Nb4 13.Bxb4 Bxb4 14.Rad1 Qe7 15.a4 Rac8
16.Nd4 Nd7 17.Qb2 Ne5 18.Be2 Bxd2 19.Rxd2 dxc4 20.bxc4 Nxc4 21.Bxc4 Rxc4 {#R}
0-1

[Event "Ch Region (open)"]
[Site "masterchessopen.com – Novosibirsk (Russia)"]
[Date "2007.12.08"]
[Round "4"]
[White "Biryukov Alexander (RUS)"]
[Black "Galauov Ruslan (RUS)"]
[Result "1-0"]
[WhiteElo "2025"]
[BlackElo "2117"]

1.d4 e6 2.c4 Nf6 3.Nf3 b6 4.e3 Bb7 5.Bd3 c5 6.O-O cxd4 7.exd4 Be7 8.b3 d5
9.Bb2 O-O 10.Qe2 Nc6 11.Nbd2 Re8 12.Rad1 Bd6 13.Ne5 dxc4 14.bxc4 Bxe5 15.dxe5
Nd7 16.Ne4 Qc7 17.Nd6 Re7 18.Bxh7+ Kxh7 19.Qh5+ Kg8 20.Rd3 Nf8 21.Rh3 {#r} 1-0

[Event "Bayern Regionalliga Northeast 2007/08"]
[Site "masterchessopen.com – Bayern (Germany)"]
[Date "2008.01.20"]
[Round "5"]
[White "Orsag Milan (CZE)"]
[Black "Schneider David (GER)"]
[Result "1-0"]
[WhiteElo "2428"]
[BlackElo "2262"]

1.d4 Nf6 2.Nf3 e6 3.c4 b6 4.e3 Bb7 5.Bd3 Be7 6.O-O O-O 7.Nc3 d5 8.b3 c5 9.Bb2
cxd4 10.exd4 Nc6 11.Re1 Rc8 12.a3 Qd6 13.Qe2 dxc4 14.bxc4 Rfd8 15.Rad1 Bf8
16.d5 exd5 17.Nxd5 Nxd5 18.cxd5 Na5 19.Ng5 g6 20.Ne4 {#r} 1-0

[Event "Czech League 2007/08 (1st)"]
[Site "masterchessopen.com – Czech Republic"]
[Date "2008.01.20"]
[Round "6"]
[White "Vodicka Vlastimil (CZE)"]
[Black "Nemec Pavel (CZE)"]
[Result "0-1"]
[WhiteElo "2200"]
[BlackElo "1774"]

1.d4 Nf6 2.c4 e6 3.Nf3 b6 4.e3 Bb7 5.Bd3 c5 6.O-O Be7 7.b3 O-O 8.Nbd2 Nc6
9.Bb2 d5 10.Rc1 Rc8 11.Qe2 Qc7 12.Ne5 Rfd8 13.f4 dxc4 14.Bxc4 cxd4 15.exd4
Nxd4 16.Bxd4 Rxd4 17.Bxe6 Qxc1 18.Bxf7+ Kf8 19.Rxc1 Rxc1+ {#R} 0-1

[Event "It (open)"]
[Site "masterchessopen.com – Urmia (Iran)"]
[Date "2008.02.03"]
[Round "1"]
[White "Sulashvili Malkhaz (GEO)"]
[Black "Akbari Zahmati Amir Hossein (IRI)"]
[Result "1-0"]
[WhiteElo "2495"]
[BlackElo "2101"]

1.d4 Nf6 2.Nf3 e6 3.c4 b6 4.e3 Bb7 5.Bd3 Bb4+ 6.Nbd2 Ne4 7.O-O Bxd2 8.Nxd2
Nxd2 9.Bxd2 O-O 10.e4 d6 11.f4 Nd7 12.Qg4 Nf6 13.Qe2 d5 14.cxd5 exd5 15.e5 Ne4
16.f5 f6 17.Rac1 Rc8 18.e6 Nxd2 19.e7 Qd7 20.exf8=Q+ Rxf8 21.Qxd2 {#r} 1-0

[Event "Ch City"]
[Site "masterchessopen.com – Omsk (Russia)"]
[Date "2008.02.09"]
[Round "6"]
[White "Pozdniakov Vladimir (RUS)"]
[Black "Sharov Fedor (RUS)"]
[Result "1-0"]
[WhiteElo "2251"]
[BlackElo "1985"]

1.d4 e6 2.Nf3 Nf6 3.c4 b6 4.e3 Bb7 5.Bd3 c5 6.O-O cxd4 7.exd4 d5 8.Nc3 Be7
9.Be3 O-O 10.Qe2 dxc4 11.Bxc4 Nd5 12.Rfd1 a6 13.Rac1 b5 14.Bd3 Nd7 15.Ne4 Nb4
16.Bb1 Nxa2 17.Bxa2 Bxe4 18.d5 e5 19.d6 Bf6 20.Rc7 Rc8 21.Rdc1 Rxc7 22.dxc7
Qc8 23.Nd2 Bf5 24.Bd5 Be6 25.Bxe6 fxe6 26.Qg4 {#r} 1-0

[Event "Czech League 2007/08 (krajsky prebor)"]
[Site "masterchessopen.com – Czech Republic"]
[Date "2008.02.10"]
[Round "7"]
[White "Michel Ladislav (CZE)"]
[Black "Marek Petr"]
[Result "1-0"]
[WhiteElo "1915"]
[BlackElo "1862"]

1.d4 Nf6 2.c4 e6 3.Nf3 b6 4.e3 Bb7 5.Bd3 Ne4 6.O-O c5 7.Nc3 d5 8.cxd5 exd5
9.Ne5 Nxc3 10.bxc3 c4 11.Qa4+ Nd7 12.Bf5 Bc8 13.Qc6 Rb8 14.Bxd7+ Bxd7 15.Qxd5
Qe7 16.Qxc4 Rc8 17.Qb3 g6 18.a4 Bg7 19.Nxd7 Qxd7 20.Ba3 {#r} 1-0

[Event "It \"]
[Site "masterchessopen.com – Reno (USA)"]
[Date "2008.03.22"]
[Round "4"]
[White "Kelley Dereque D (USA)"]
[Black "Cohen Jason B (USA)"]
[Result "1-0"]
[WhiteElo "2231"]
[BlackElo "2209"]

1.d4 Nf6 2.c4 e6 3.Nf3 b6 4.e3 Bb7 5.Bd3 Be7 6.O-O O-O 7.b3 c5 8.Nc3 d5 9.Bb2
Nbd7 10.Qe2 cxd4 11.exd4 Re8 12.Rad1 Rc8 13.Ne5 Bd6 14.f4 Nf8 15.f5 Bb8
16.fxe6 Nxe6 17.Nxd5 Bxd5 18.cxd5 Nf8 19.Ba6 Qxd5 20.Bxc8 Rxc8 21.Rxf6 gxf6
22.Qg4+ {#r} 1-0

[Event "Tournament (Elo) \"]
[Site "masterchessopen.com – Warsaw (Poland)"]
[Date "2008.04.09"]
[Round "5"]
[White "Pazderski Ziemowit (POL)"]
[Black "Smoczynski Marcin (POL)"]
[Result "0-1"]
[WhiteElo "2209"]
[BlackElo "2175"]

1.d4 Nf6 2.Nf3 e6 3.c4 b6 4.e3 Bb7 5.Bd3 d5 6.Nc3 Be7 7.cxd5 exd5 8.Qa4+ c6
9.O-O O-O 10.Bd2 Nbd7 11.Rac1 Re8 12.Rfe1 h6 13.Rc2 a5 14.Rcc1 Bd6 15.Qc2 b5
16.Bf5 Nb6 17.a4 b4 18.Ne2 Ne4 19.Ng3 Bxg3 20.hxg3 Nc4 21.b3 Ncd6 22.Ne5 Nxf5
{#R} 0-1

[Event "It (open)"]
[Site "masterchessopen.com – Metz (France)"]
[Date "2008.04.23"]
[Round "5"]
[White "Epishin Vladimir (GER)"]
[Black "Bruned Yvain (ESP)"]
[Result "1-0"]
[WhiteElo "2581"]
[BlackElo "2393"]

1.c4 Nf6 2.Nf3 e6 3.e3 b6 4.d4 Bb7 5.Bd3 Be7 6.O-O O-O 7.Nc3 d5 8.b3 c5 9.Bb2
Nc6 10.cxd5 Nxd5 11.dxc5 Bxc5 12.a3 Nxc3 13.Bxc3 a5 14.Qc2 h6 15.Rfd1 Qe7
16.Qb2 f5 17.Bc4 Bc8 18.Bd4 Bxd4 19.exd4 b5 20.d5 Nb8 21.Bf1 exd5 22.b4 Rd8
23.bxa5 Nc6 24.Rac1 Bb7 25.Qxb5 d4 {#r} 1-0

[Event "Cup Mayors (open)"]
[Site "masterchessopen.com – Mumbai (India)"]
[Date "2008.05.11"]
[Round "1"]
[White "Thejkumar M S (IND)"]
[Black "Lakshmanan Veeraraghavan (IND)"]
[Result "1-0"]
[WhiteElo "2441"]
[BlackElo "1771"]

1.d4 Nf6 2.Nf3 e6 3.c4 b6 4.e3 Bb7 5.Bd3 c5 6.O-O Be7 7.Nc3 cxd4 8.exd4 Bxf3
9.Qxf3 Nc6 10.Be3 d5 11.cxd5 Nxd5 12.Nxd5 exd5 13.Bb5 Rc8 14.Rac1 Qd7 15.Rc2
a6 16.Bxa6 O-O 17.Bxc8 Rxc8 18.Rfc1 Na7 19.Rxc8+ Nxc8 20.Bf4 Na7 21.Rc7 Qf5
22.g4 Qb1+ 23.Kg2 Nb5 24.Rxe7 Kf8 25.Qe3 g6 26.Bh6+ {#r} 1-0

[Event "Ukrainian Games (schools)"]
[Site "masterchessopen.com – Evpatoria (Ukraine)"]
[Date "2008.05.19"]
[Round "5"]
[White "Goroshkova Liudmila (UKR)"]
[Black "Shvayger Yuliya (UKR)"]
[Result "1-0"]
[WhiteElo "2002"]
[BlackElo "2151"]

1.d4 Nf6 2.c4 e6 3.Nf3 b6 4.e3 Bb7 5.Bd3 Ne4 6.Qc2 f5 7.Nbd2 Bb4 8.O-O Bxd2
9.Nxd2 Qh4 10.f3 Nxd2 11.Bxd2 O-O 12.e4 fxe4 13.fxe4 Nc6 14.Bc3 d6 15.d5 Ne5
16.Bxe5 dxe5 17.c5 bxc5 18.Qxc5 Rxf1+ 19.Rxf1 Qd8 20.Rc1 exd5 21.exd5 Bxd5
22.Rd1 c6 23.Bc4 Qb6 24.Qxb6 axb6 25.Rxd5 {#r} 1-0

[Event "Memorial Y. Voroniatov (open)"]
[Site "masterchessopen.com – Nizhnij Novgorod (Russia)"]
[Round "0"]
[White "Jevtushenko V V (RUS)"]
[Black "Ryabov Alexander (RUS)"]
[Result "0-1"]
[WhiteElo "1976"]
[BlackElo "1975"]

1.d4 Nf6 2.c4 e6 3.Nf3 b6 4.e3 Bb7 5.Nc3 Bb4 6.Bd2 O-O 7.Bd3 d6 8.a3 Bxc3
9.Bxc3 Nbd7 10.O-O Ne4 11.Rc1 f5 12.Be2 Rf6 13.Nd2 Rg6 14.Nxe4 Bxe4 15.Bf3 Qh4
16.Bxe4 fxe4 17.Be1 Qh3 {#R} 0-1

[Event "Ch TN State"]
[Site "masterchessopen.com – Chennai (India)"]
[Date "2008.06.16"]
[Round "1"]
[White "Murali Krishnan B T (IND)"]
[Black "Amish Kushal G (IND)"]
[Result "1-0"]
[WhiteElo "2435"]
[BlackElo "1839"]

1.d4 Nf6 2.c4 e6 3.Nf3 b6 4.e3 Bb7 5.Bd3 Bb4+ 6.Nbd2 O-O 7.O-O d5 8.a3 Be7
9.cxd5 exd5 10.b4 Nbd7 11.Rb1 Ne4 12.Qc2 f5 13.Ne5 Nxe5 14.dxe5 c5 15.bxc5
Bxc5 16.Qb3 Kh8 17.Nf3 g5 18.Bb2 g4 19.e6+ Kg8 20.Bxe4 fxe4 21.Qc3 d4 22.exd4
{#r} 1-0

[Event "It (open)"]
[Site "masterchessopen.com – Wroclaw (Poland)"]
[Date "2008.06.21"]
[Round "1"]
[White "Ljangov Petar (BUL)"]
[Black "Zombirt Filip (POL)"]
[Result "1-0"]
[WhiteElo "2078"]
[BlackElo "1897"]

1.c4 Nf6 2.Nf3 e6 3.e3 b6 4.d4 Bb7 5.Bd3 Be7 6.O-O O-O 7.Nc3 d5 8.b3 c5 9.Bb2
Ne4 10.Qe2 Nd7 11.Rfd1 cxd4 12.exd4 Ndf6 13.Ne5 Bb4 14.Nxe4 Nxe4 15.f3 Nc3
16.Bxc3 Bxc3 17.Bxh7+ Kh8 18.Rac1 Bxd4+ 19.Rxd4 Kxh7 20.Qf2 g6 21.Rg4 Qd6
22.h4 dxc4 23.Rcxc4 Rac8 24.Rxg6 {#r} 1-0

[Event "It (open) \"]
[Site "masterchessopen.com – Balatonalmadi (Hungary)"]
[Date "2008.08.03"]
[Round "7"]
[White "Galyas Miklos (HUN)"]
[Black "Vargyas Zoltan (HUN)"]
[Result "1-0"]
[WhiteElo "2454"]
[BlackElo "2174"]

1.d4 Nf6 2.c4 e6 3.Nf3 b6 4.e3 Bb7 5.Bd3 c5 6.Nc3 Be7 7.O-O cxd4 8.exd4 d5
9.cxd5 Nxd5 10.Ne5 O-O 11.Qh5 Nf6 12.Qh4 Nc6 13.Bg5 h6 14.Bxf6 Bxf6 15.Qe4 g6
16.Nxc6 Qc7 17.Qf3 {#r} 1-0

[Event "Ch European Union (juniors) (under 10)"]
[Site "masterchessopen.com – Mureck (Austria)"]
[Date "2008.08.06"]
[Round "1"]
[White "Oprita George (ROM)"]
[Black "Bellahcene Bilel (FRA)"]
[Result "0-1"]
[WhiteElo "1610"]
[BlackElo "1836"]

1.d4 Nf6 2.c4 e6 3.Nf3 b6 4.e3 Be7 5.Nc3 Bb7 6.Bd3 d5 7.Bd2 O-O 8.O-O Ne4
9.cxd5 exd5 10.Qc2 f5 11.Rac1 c6 12.Qb3 Kh8 13.Rfd1 Nd7 14.Ne2 g5 15.a4 g4
16.Ne1 Bd6 17.Ng3 Qh4 {#R} 0-1

[Event "Ch France (accession)"]
[Site "masterchessopen.com – Pau (France)"]
[Date "2008.08.17"]
[Round "6"]
[White "Heinis Vincent (FRA)"]
[Black "Houriez Clement (FRA)"]
[Result "1-0"]
[WhiteElo "2168"]
[BlackElo "2245"]

1.d4 Nf6 2.c4 e6 3.Nf3 b6 4.e3 Bb7 5.Bd3 c5 6.Nc3 Be7 7.O-O cxd4 8.exd4 d5
9.cxd5 Nxd5 10.Ne5 O-O 11.Qh5 Nf6 12.Qh4 Nc6 13.Bg5 g6 14.Ba6 Nxe5 15.dxe5 h6
16.Bxf6 Bxf6 17.exf6 Bxa6 18.Rfd1 {#r} 1-0